| 000 | 01571nam0a2200325 4500 | ||
|---|---|---|---|
| 001 | RU\NLR\bibl\985322 | ||
| 005 | 20260405164632.0 | ||
| 010 |
_a5-7444-1756-7 _91000 |
||
| 021 |
_aRU _b2006-47319 _92357 |
||
| 035 | _a(NLR Aleph) 000973190 | ||
| 090 |
_a412273 _c412273 |
||
| 100 | _a20060919d2005 |||y0rusy50 ca | ||
| 101 | 0 | _arus | |
| 102 | _aRU | ||
| 105 | _ay ||||||||| | ||
| 200 | 1 |
_aИзбирательные споры _eюридическая природа и порядок рассмотрения _eмонография _fС.Д. Князев, Р.А. Охотников _gИзбир. комис. Примор. края, Дума г. Владивосток |
|
| 210 |
_aВладивосток _cИзд-во Дальневосточного университета _d2005 |
||
| 215 |
_a146,[1] с. _d20 |
||
| 300 | _aВ вып. дан. 1-й авт.: Князев С.Д. - д.ю.н., проф., засл. юрист Рос. Федерации | ||
| 320 | _aБиблиогр.: с. 135-146 и в подстроч. прим. | ||
| 606 | 1 |
_aИзбирательные споры _yРоссийская Федерация _92263080 _3RU\NLR\auth\661356775 |
|
| 686 | _aХ620.5-383 | ||
| 700 | 1 |
_4070 _8rus _7ca _aКнязев _bС. Д. _cд-р юрид. наук _f1959- _gСергей Дмитриевич _3RU\NLR\auth\7770583 _953511 |
|
| 701 | 1 |
_aОхотников _bР. А. _gРоман Андреевич _4070 |
|
| 801 | 0 |
_aRU _bNLR _c20060919 _grcr |
|
| 801 | 1 |
_aRU _bNLR _c20060919 |
|
| 830 | _aавт. по кн. | ||
| 942 | _cBOOK | ||
| 980 | _aNB | ||